| АИС "Историко-культурное наследие Беларуси" | ||
| Базовый | Расширенный | Профессиональный | Словарь персоналий | Тематический словарь | По видам объектов | История запросов Заказы | Регистрация | |
Запись в MARC-формате
| копировать MARC-запись |
=LDR 00000nx\\c2200193\\\45\\
=001 BY-NLB-ar7741266
=005 20160330095642.4
=100 \\$a20140711arusy50\\\\\\ca0
=152 \\$apsbo
=160 \\$ae-bw
=215 \\$aТульговичи, деревня (Хойникский район)
=300 1\$aИзвестна с 15 в. С 1793 г. – в Российской империи. В 1908 г. – в Юровичской волости Речицкого уезда Минской губернии. В 1926–1986 гг. – центр Тульговичского сельсовета Юровичского, с 1931 г. – Хойникского районов Речицкого, с 1927 г. – Мозырского (до 1930 г.) округов, с 1938 г. – Полесской, с 1954 г. – Гомельской областей.
=356 \\$aНаходится в Судковском сельсовете Хойникского района Гомельской области.
=515 \\$5w$3BY-NLB-ar7741265$aТульгавічы, вёска (Хойніцкі раён)
=801 \0$aBY$bBY-HM0000$c20140711
=810 \\$aНазвы населеных пунктаў Рэспублікі Беларусь : Гомельская вобласць : нарматыўны даведнік. — Мінск, 2006.
=810 \\$aГарады і вёскі Беларусі : энцыклапедыя. Т. 2. Гомельская вобласць, кн. 2. — Мінск, 2005.
=856 4\$uhttp://ate.nca.by/$zБД "Единый реестр административно-территориальных и территориальных единиц Республики Беларусь".$zДанные по состоянию на 11.07.2014.
=999 \\$f2786 NLB-NDARD$t20140711
Чтобы вернуться назад, щелкните кнопку BACK на Вашем браузере